|
|
|
|
| LEADER |
00000nab a2200000 a 4500 |
| 001 |
vtls000149629 |
| 003 |
SK-MaSNL |
| 005 |
20260304073217.0 |
| 008 |
250423c1983 xo 0 slo |
| 015 |
|
|
|a SNBRB19rr/mm-uuuuu
|
| 035 |
|
|
|a CL0159736
|
| 035 |
|
|
|a urn:nbn:sk:snk-abbc91
|
| 035 |
|
|
|a (urnnbn)urn:nbn:sk:snk:ar-000v37
|
| 035 |
|
|
|a (uuid)03826998-5f07-4851-b24e-05abab74aa80
|
| 040 |
|
|
|a SNKBUCL
|b slo
|c SNKBUCL
|e AACR2
|
| 041 |
0 |
|
|a ukr
|
| 044 |
|
|
|a xo
|c SK
|
| 080 |
|
|
|a 82.09:883-1(048)
|2 1981
|
| 080 |
|
|
|a 883-1(048)
|2 1981
|
| 100 |
1 |
|
|a Konopelec, Vitalij,
|d 1948-2003
|4 aut
|9 38809
|
| 245 |
1 |
0 |
|a Zdobutky i..
|c V. Konopelec ; Volodymyr Konopelec, Dmytro Pavlyčko
|
| 650 |
0 |
7 |
|a básne lyrické
|2 snkbucl
|9 403933
|
| 650 |
0 |
7 |
|a sovietska literatúra
|2 snkbucl
|9 22300
|
| 655 |
|
7 |
|a články z novín a časopisov
|2 snkbucl
|9 267496
|
| 655 |
|
7 |
|a články z odboru literárna veda a krásna literatúra
|2 snkbucl
|9 770045
|
| 700 |
1 |
|
|a Konopelec, Volodymyr
|4 aut
|9 1011104
|
| 700 |
1 |
|
|a Pavlyčko, Dmytro,
|d 1929-2023
|4 aut
|9 239975
|
| 773 |
0 |
|
|t Duklja
|g Roč. 31, č. 1 (1983), s. 73-76
|
| 787 |
0 |
8 |
|i Rec.:
|a Pavlyčko, Dmytro
|t Tajomstvo tvojej tváre
|d Bratislava : Slovenský spisovateľ, 1981
|
| 850 |
|
|
|a Slovenská národná knižnica
|
| 852 |
|
|
|a Slovenská národná knižnica
|
| 958 |
|
|
|a article15
|
| 958 |
|
|
|a RK
|
| 958 |
|
|
|a LX
|
| 958 |
|
|
|a UK
|
| 958 |
|
|
|a SK
|
| 958 |
|
|
|a SU
|
| 958 |
|
|
|a OND
|
| 958 |
|
|
|a EUIPO
|
| 992 |
|
|
|a RBX
|
| 999 |
|
|
|c 2770229
|d 2772159
|